LEADER 01019nam a2200265 4500 001 000000342654 003 CaOOAMICUS 005 20201112123655.0 008 201022s2009 it a 000 u ita r 020 $a978-88-8440-572-2 040 $aSeMil$bita 100 1 $aInnes, Brian.$0(OLS)http://semarc/name/112329 240 14$aThe history of torture.$0(OLS)http://semarc/title/431507 245 13$aLa storia della tortura /$cBrian Innes. 250 $aNuova edizione 264 1$aRoma :$bGremese,$c2009. 300 $a192 p. :$bill. ;$c21 cm 650 4$aTortura - Storia.$0(OLS)http://semarc/subject/49642 850 $aSeMil 852 $aSeMil$W1$xVenegono$y1$m3W II 69$j222782$B233574$CSeMilBibl$Z2$F233574 $81 961 $aBrambilla don Paolo - Omaggio 996 $6020$a978-88-8440-572-2$9(OLS)http://semarc/number/291487 996 $6245$aLa storia della tortura$9(OLS)http://semarc/title/431508 996 $6264$aRoma :$bGremese$9(OLS)http://semarc/publisher/32240 LEADER 00757nas a2200169 i 4500 001 000000002952 003 CaOOAMICUS 005 20180830125436.0 008 180830s1907 it uu u0 0ita r 040 $aSeMil$bita 245 10$aSocietà Dantesca Italiana :$bAtti e Notizie. 260 $aFirenze :$bPresso la Sede della Società, Palagio dell'Arte della Lana,$c1907-1914. 500 $aConsistenza: n. 2 (1907-08) - n. 4 (1911-14) 710 0 $aSocietà Dantesca Italiana .$0(OLS)http://semarc/name/1814 774 0 $tTitolo mancante.$w()86448 996 $6245$aSocietà Dantesca Italiana :$bAtti e Notizie$9(OLS)http://semarc/title/5006 996 $6260$aFirenze :$bPresso la Sede della Società, Palagio dell'Arte della Lana$9(OLS)http://semarc/publisher/30526